Soltei o Pum na banheira (Record no. 117266)

MARC details
000 -LÍDER
campo de controle de tamanho fixo 01161 a2200253 4500
001 - NÚMERO DE CONTROLE
campo de controle 117266
020 ## - ISBN - INTERNATIONAL STANDARD BOOK NUMBER
ISBN - International Standard Book Number 9788574069067
041 ## - CÓDIGO DE IDIOMA
Código do idioma do texto/trilha sonora ou título diferente por
082 ## - CDD - CLASSIFICAÇÃO DECIMAL DE DEWEY
Número de Classificação SK 028
040 ## - FONTE DA CATALOGAÇÃO
Instituição da catalogação original BR-BrIDEA
Instituição que transcreveu o registro BR-BrIDEA
090 ## - NÚMERO DE CHAMADA LOCAL
Número de chamada (OCLC) (R); Número de chamada, CALL (RLIN) (NR) A SK 028
Número Cutter local (OCLC); Número de classificação do livro, CALL (RLIN) FRA
100 ## - ENTRADA PRINCIPAL--NOME PESSOAL
Nome pessoal Franco, Blandina.
250 ## - EDIÇÃO
Edição 1.ed.
245 10 - TÍTULO
Título Soltei o Pum na banheira
Indicação de responsabilidade, etc. Blandina Franco; ilustrações de José Carlos Lollo
260 ## - PUBLICAÇÃO, DISTRIBUIÇÃO, ETC.
Local de publicação, distribuição, etc. São Paulo
Nome do editor, distribuidor, etc. Companhia das Letrinhas
Data da publicação, distribuição, etc. 2020
300 ## - DESCRIÇÃO FÍSICA
Extensão [s.p.]
520 ## - NOTA DE RESUMO, ETC
Resumo, etc. O Pum tem essa mania de escapar por aí. Quando a gente menos espera, lá vai o Pum fazendo o maior barulho e uma grande confusão! Depois de aprontar com a Meleca do irmão e com o Piriri do vizinho, o que será que vai acontecer quando o Pum escapar bem na hora do banho?<br/>Feito de material impermeável e macio, este livro pode ser lido para bebês e crianças até mesmo embaixo do chuveiro ou dentro da banheira. Ao final da história, os leitores vão descobrir se o Pum finalmente ficou cheirosinho.
521 ## - NOTA DO PÚBLICO ALVO
Nota de público alvo SK
697 ## - ENTRADA DE ASSUNTO LOCAL--ENTIDADE COLETIVA (RLIN)
Nome corporativo ou nome da jurisdição Literatura infantil
697 ## - ENTRADA DE ASSUNTO LOCAL--ENTIDADE COLETIVA (RLIN)
Nome corporativo ou nome da jurisdição Livro de banho
700 ## - ENTRADA ADICIONADA - NOME PESSOAL
Nome pessoal Lollo, José Carlos.
Função do autor por extenso Ilustrador
856 ## - LOCALIZAÇÃO ELETRÔNICA E ACESSO
Uniform Resource Identifier <a href="000029/000029f9.jpg">000029/000029f9.jpg</a>
942 ## - ELEMENTOS DE ENTRADA ADICIONADOS (KOHA)
Tipo de material Koha Livros
Holdings
Situação do descarte Situação das perdas Fonte da classificação ou esquema de arquivamento na estante Situação física Não pode ser emprestado Biblioteca de origem Biblioteca atual Data de aquisição Total de empréstimos Número de chamada completo Código de barras Data de último acesso Data do último empréstimo Data do preço efetivo Tipo de material Koha
    Classificação Decimal de Dewey     ECB - ÁGUAS CLARAS ECB - ÁGUAS CLARAS 28/05/2021 1 A SK 028 FRA 00054248AGC 28/10/2024 05/08/2024 23/01/2024 Livros
    Classificação Decimal de Dewey     ECB - ÁGUAS CLARAS ECB - ÁGUAS CLARAS 28/05/2021   A SK 028 FRA 00054249AGC 23/01/2024   23/01/2024 Livros